Hương liệu mỹ phẩm
Trình bày những kiến thức cơ bản về hoá hương liệu như: Mùi, các nguồn hương liệu thiên nhiên, phương pháp tách hợp chất thơm, tách hợp chất quan trọng trong tinh dầu, hợp chất có hương tính... và các hoá mỹ phẩm: Sinh lí cơ bản của các...
Đã lưu trong:
| Príomhúdar: | |
|---|---|
| Formáid: | Leabhar |
| Teanga: | Undetermined |
| Foilsithe: |
Thành phố Hồ Chí Minh
Đại học Quốc gia Thành phố Hồ Chí Minh
2005
|
| Ábhair: | |
| Clibeanna: |
Cuir Clib Leis
Gan Chlibeanna, Bí ar an gcéad duine leis an taifead seo a chlibeáil!
|
| Thư viện lưu trữ: | Trung tâm Học liệu Trường Đại học Cần Thơ |
|---|
| LEADER | 01152nam a2200205Ia 4500 | ||
|---|---|---|---|
| 001 | CTU_145221 | ||
| 008 | 210402s9999 xx 000 0 und d | ||
| 020 | |c 30000 | ||
| 082 | |a 668 | ||
| 082 | |b Ch312 | ||
| 100 | |a Vương, Ngọc Chính | ||
| 245 | 0 | |a Hương liệu mỹ phẩm | |
| 245 | 0 | |c Vương Ngọc Chính | |
| 260 | |a Thành phố Hồ Chí Minh | ||
| 260 | |b Đại học Quốc gia Thành phố Hồ Chí Minh | ||
| 260 | |c 2005 | ||
| 520 | |a Trình bày những kiến thức cơ bản về hoá hương liệu như: Mùi, các nguồn hương liệu thiên nhiên, phương pháp tách hợp chất thơm, tách hợp chất quan trọng trong tinh dầu, hợp chất có hương tính... và các hoá mỹ phẩm: Sinh lí cơ bản của các đối tượng mỹ phẩm, nguyên liệu cơ bản dùng trong mỹ phẩm, sử dụng nước trong công nghệ mỹ phẩm, nhũ mỹ phẩm... | ||
| 650 | |a Aromatic compounds | ||
| 904 | |i Bạch Trúc | ||
| 980 | |a Trung tâm Học liệu Trường Đại học Cần Thơ | ||